00949nam a2200265 i 450000500170000000800410001702000150005804000350007304100080010810000470011624501010016325000220026426400330028630000480031933600270036733700330039433800280042749000230045565000450047865000450052365000280056865000300059670000450062608400120067120220316235404.0121119s2002 ck a gs 000 j spa d a9583004596 aCO-BoRNBPbspacCO-BoRNBPerda0 aspa1 aChejov, Anton Pavlovich,b1860-1904dautor13aEl camaleón y otros cuentos de varios colorescAnton Chejov; traducido por Francisco Montaña aPrimera edición 1aBogotábPanamericanac2002 a248 páginasbilustraciones a colorc15 cm atextobtxt2rdacontent asin mediaciónbn2rdamedia avolumenbnc2rdacarrier aCajón de cuentos14aCuentos juveniles rusosySiglo XIX2LEMB14aLiteratura juvenil rusaySiglo XIX2LEMB14aTristezavCuentos2LEMB14aJardinerosvCuentos2LEMB1 aMontaña Ibañez, Franciscoetraductor aC CHE1